Croatian Operational Research Review International Scientific Journal
Salvato in:
| Natura: | Periodico |
|---|---|
| Lingua: | inglese |
| Pubblicazione: |
Zagreb
Croatian Operational Research Society
|
| Tags: |
Nessun Tag, puoi essere il primo ad aggiungerne!!
|
MARC
| LEADER | 00000nas1a2200000 4500 | ||
|---|---|---|---|
| 001 | 0269966 | ||
| 005 | 20250701092124.1 | ||
| 022 | |a 1848-0225 | ||
| 022 | |a 1848-9931 | ||
| 041 | 0 | |a eng | |
| 044 | |a HR | ||
| 245 | 1 | 0 | |a Croatian Operational Research Review |b International Scientific Journal |
| 264 | 1 | |a Zagreb |b Croatian Operational Research Society | |